00375cam a22001452 4500001001100000005001700011008004100028020001600069040001500085050002200100100003300122245003100155260003300186300001000219000000279620151217155818.0070419s xx 000 0 eng d a435900692 : aKABUcKABU 0aPR9402.9b.T33F591 aTaban Lo Liyong.@000015230810aFixions and other stories. aNairobi :bHeinemann,c1969. a81 p.